000 00576nam a22001817a 4500
005 20251108170554.0
008 250721s1989 xx 000 0 ara d
082 1 4 _aط/796.8/ألع
100 1 _aالمستكاوي، نجيب
245 1 0 _aاللعاب النزالية /
264 1 _aالقاهرة :
_bمركز الأهرام للنشر،
_c1989.
300 _a45ص
490 0 _aوالت ديزني : موسوعة جوني الرياضية
650 1 7 _aاللعاب الرياضية
650 1 7 _aالعاب المبارزة
942 _2ddc
_cBK
999 _c43812
_d43812